<?xml version="1.0" encoding="UTF-8"?>
<marc:record xmlns:marc="http://www.loc.gov/MARC21/slim">
   <marc:leader>00000nam a2200000 a 4500</marc:leader>
   <marc:datafield ind1="0" ind2="0" tag="245">
      <marc:subfield code="a">Drachen - Ralleye-  Ralley des Dragons</marc:subfield>
   </marc:datafield>
   <marc:datafield ind1="0" ind2="0" tag="245">
      <marc:subfield code="b">Einspannender Wettflug für 2 bis 4 Spieler ab 5 Jahren</marc:subfield>
   </marc:datafield>
   <marc:datafield ind1=" " ind2="1" tag="264">
      <marc:subfield code="a">Berlin</marc:subfield>
      <marc:subfield code="b">Schmidt Spiele GmbH</marc:subfield>
   </marc:datafield>
   <marc:datafield ind1="1" ind2=" " tag="520">
      <marc:subfield code="a">Auch kleine Drachenfreunde machen beim Spielen gerne mal ein Wettrennen. "Wer ist am schnellsten einmal um die Insel geflogen", ruft der kleine grüne Drache. "Lasst es uns ausprobieren!" Das lassen sich seine drei Freunde nicht zweimal sagen, und schon kann der Wettflug um die Dracheninsel beginnen. Aber es weht eine kräftige Brise. Manchmal hilft der Wind, um zügig voranzukommen. Doch kommt er von vorne, kann er einen auch ein ganzes Stück zurückwerfen...</marc:subfield>
   </marc:datafield>
   <marc:datafield ind1=" " ind2=" " tag="500">
      <marc:subfield code="a">4 Drachenfiguren ( in rot, blau. grün &amp; gelb)</marc:subfield>
   </marc:datafield>
   <marc:datafield ind1="0" ind2=" " tag="490">
      <marc:subfield code="v">0</marc:subfield>
   </marc:datafield>
</marc:record>
